000 00571nam a2200193Ia 4500
005 20250508153051.0
008 008 250505s9999 xx 000 0 eng d
037 _aBooks to be hide in OPAC
040 _aFEDL
_beng
_cFEDL
041 _aeng
_2eng
084 _a371.2, WAY/O
_qFEDL
100 _aWayland Sloan R
_9763107
245 0 _aAids to community analysis for the school administrator
260 _c1956
300 _a51p.
700 _a Brunner Edmund deS Hallenbeck Wilbur C
_9763108
942 _cHB
_h371.2, WAY/O
999 _c1340492
_d1340492